| 000 | 00627cam a2200217 4500500 | ||
|---|---|---|---|
| 005 | 20260329005631.0 | ||
| 041 | _afre | ||
| 042 | _adc | ||
| 100 | 1 | 0 |
_aEltchaninoff, Michel _eauthor |
| 245 | 0 | 0 | _aPoutine : opération succession |
| 260 | _c2024. | ||
| 500 | _a29 | ||
| 690 | _aHéritage | ||
| 690 | _aMichel Eltchaninoff | ||
| 690 | _aPoutine | ||
| 690 | _aPouvoir | ||
| 690 | _aPrésidence | ||
| 690 | _aRussie | ||
| 786 | 0 | _nPhilosophie magazine | 180 | 6 | 2024-06-01 | p. 17-17 | 1951-1787 | |
| 856 | 4 | 1 | _uhttps://shs.cairn.info/magazine-philosophie-magazine-2024-6-page-17?lang=fr&redirect-ssocas=7080 |
| 999 |
_c1845136 _d1845136 |
||